| 000 | 00929nam0a2200313 4500 | ||
|---|---|---|---|
| 001 | RU\NLR\BIBL_A\022631673 | ||
| 005 | 20251214174258.0 | ||
| 010 |
_a978-5-04-215938-1 _92000 |
||
| 035 | _a(NLR Aleph) 022631673 | ||
| 090 |
_a13497170 _c13497170 |
||
| 100 | _a20250926d2025 u y0rusy50 ca | ||
| 101 | 0 | _arus | |
| 102 | _aRU | ||
| 105 | _ay z 000ay | ||
| 181 | 0 |
_ai _bxxxe |
|
| 182 | 0 | _an | |
| 200 | 1 |
_aКот, его ведьма и проклятый принц _fАда Лисовская |
|
| 203 |
_aТекст _bвизуальный _cнепосредственный |
||
| 210 |
_aМосква _cЭксмо _d2025 |
||
| 215 |
_a316, [1] с. _d21 |
||
| 225 | 1 | _aКолдовские миры | |
| 333 | _a16+ | ||
| 686 | 2 | _aШ6(2=Р)8-445 | |
| 700 | 1 |
_aЛисовская _bА. _gАда |
|
| 942 | _cBOOK | ||
| 980 | _aNB | ||